000 02225cam a22005534i 4500
003 PE-LiUPU
005 20250731170429.0
008 150623s r 000 0 d
035 _a(Sirsi) a25877
040 _aPE-LiUPU
_bspa
_cPE-LiUPU
_erda
082 0 4 _a170
_bO75
_221
100 1 _aOruka H. Odera,
_eautor.
245 1 0 _aEthics :
_ba basic course for undergraduate studies /
_cH. Odera Oruka.
264 1 _aNairobi, Kenya :
_bNairobi University Press,
_c1998.
300 _a141 páginas :
_bilustraciones, gráficos ;
_c21 cm.
336 _atext
_2rdacontent
337 _aunmediated
_2rdamedia
338 _avolume
_2rdacarrier
505 0 _aPrinciples of ethics: Some practical problems of ethics in human life and society. Ethical dilemmas and the issues of right and wrong. The nature of ethics and ethical judgement I. Authority in moral judgement. Reason as authority in ethics. Egoism. Utilitarianism. The nature of ethics and ethical judgement II. Some twentieth century ethical theories. Applied or social ethics. Professional ethics. Ethics and religion. Philosophy and medical ethics. Cultural values and practices in a changing society. What is justice. Philosophy and democracy. The idea of a high God in Africa.
526 _aSEG68
526 _aSEG70
526 _aSEG69
526 _aSEG67
526 _aSEG43
526 _aP144
526 _aP143
526 _aP131
526 _aP122
526 _aP120
526 _aP117
526 _aP112
526 _aP110
526 _aP106
526 _aP101
526 _aP80
526 _aP59
526 _aP54
526 _aP35
526 _aP33
526 _aP30
650 0 4 _aÉtica
_xAspectos religiosos.
650 0 4 _aÉtica
_xAspectos Filosóficos.
650 0 4 _aEtica
_xAspectos Médicos.
942 _2ddc
_cBOOK
949 _a170 O75
_wDEWEY
_c1
_i51147
_lCCODEBUL1
_mBUL
_p10.00
_r0
_sY
_tBOOK
_u2015-06-24
_xTEOLOGIA
_PP35
_0COMPRA
_o.STAFF. Colección General
596 _a1
999 _a170 O75
_wDEWEY
_c32846
_i51147
_f2021-11-4
_g5
_lCCODEBUL1
_mBUL
_p10.00
_r0
_sY
_tBOOK
_u2015-6-24
_xBIBLIOTECA
_PP35
_0COMPRA
_o.STAFF. Colección General
_d32846
980 _81
_gALBERTO SANCHEZ Responsable de Automatización